书目信息 |
| 题名: |
山地遥感
|
|
| 作者: | 李爱农 著 | |
| 分册: | ||
| 出版信息: | 北京 科学出版社 2016.12 |
|
| 页数: | 579页 | |
| 开本: | 26cm | |
| 丛书名: | ||
| 单 册: | ||
| 中图分类: | X87 | |
| 科图分类: | ||
| 主题词: | 山地--生态环境--环境遥感 | |
| 电子资源: | ||
| ISBN: | 978-7-03-049446-7 | |
| 000 | 01010nam0 2200217 450 | |
| 001 | 1446 | |
| 005 | 20180928105549.72 | |
| 010 | @a978-7-03-049446-7@b精装@dCNY298.00 | |
| 100 | @a20170427d2016 em y0chiy50 ea | |
| 101 | 0 | @achi |
| 102 | @aCN@b110000 | |
| 105 | @aab z 000yy | |
| 200 | 1 | @a山地遥感@9shan di yao gan@f李爱农等著 |
| 210 | @a北京@c科学出版社@d2016.12 | |
| 215 | @a579页@c图,地图@d26cm | |
| 330 | @a本书从山地遥感的基础理论入手,综合介绍了近年来山地遥感研究的主要成果、最新进展和应用实例。主要内容包括:山地遥感基本内涵、研究内容、面临的问题、机遇和挑战;遥感基础知识;山地光学遥感影像的自动预处理方法;山地光学遥感影像地形辐射校正;山地土地利用/覆被遥感监测;山地植被生物物理参数遥感反演;山地地表能量平衡遥感估算;山地陆表参量多源数据同化;山地遥感产品地面验证;山地灾害遥感应急调查;无人机遥感及其山地应用;数字山地大数据框架。 | |
| 606 | 0 | @a山地@x生态环境@x环境遥感 |
| 690 | @aX87@v5 | |
| 701 | 0 | @a李爱农@9li ai nong@4著 |
| 801 | 0 | @aCN@b91MARC@c20170427 |
| 905 | @aMuseLib@dX87@e272 | |
| 山地遥感/李爱农等著.-北京:科学出版社,2016.12 |
| 579页:图,地图;26cm |
| ISBN 978-7-03-049446-7(精装):CNY298.00 |
| 本书从山地遥感的基础理论入手,综合介绍了近年来山地遥感研究的主要成果、最新进展和应用实例。主要内容包括:山地遥感基本内涵、研究内容、面临的问题、机遇和挑战;遥感基础知识;山地光学遥感影像的自动预处理方法;山地光学遥感影像地形辐射校正;山地土地利用/覆被遥感监测;山地植被生物物理参数遥感反演;山地地表能量平衡遥感估算;山地陆表参量多源数据同化;山地遥感产品地面验证;山地灾害遥感应急调查;无人机遥感及其山地应用;数字山地大数据框架。 |
| ● |
| 相关链接 |
|
|
|
|
正题名:山地遥感
索取号:X87/272
 
预约/预借
| 序号 | 登录号 | 条形码 | 馆藏地/架位号 | 状态 | 备注 |
| 1 | 1122671 | 211226715 | 第二样本阅览室/ [索取号:X87/272] | 在馆 | |
| 2 | 1122672 | 211226724 | 密集书库-资源管理系/ [索取号:X87/272] | 在馆 |